Golden circle secrets : How to achieve consistent sales success through customer values & expectations

In Golden Circle Secrets, father-and-son team Dale and Ben Midgley show management and the sales team how to achieve consistent success in sales. Based on a unique new strategy that responds to customer values and expectations, the Midgleys reveal how sales and management are inseparable components...

Deskribapen osoa

Gorde:
Xehetasun bibliografikoak
Egile nagusia: Midley, Dale
Formatua: Liburua
Hizkuntza:Undetermined
Argitaratua: Hoboken, N.J. Wiley 2005
Gaiak:
Etiketak: Etiketa erantsi
Etiketarik gabe, Izan zaitez lehena erregistro honi etiketa jartzen!
Thư viện lưu trữ: Trung tâm Học liệu Trường Đại học Cần Thơ
LEADER 01327nam a2200217Ia 4500
001 CTU_163224
008 210402s9999 xx 000 0 und d
020 |c 19.95 
082 |a 658.81 
082 |b M629 
100 |a Midley, Dale 
245 0 |a Golden circle secrets : 
245 0 |b How to achieve consistent sales success through customer values & expectations 
245 0 |c Dale Midgley, Ben Midgley 
260 |a Hoboken, N.J. 
260 |b Wiley 
260 |c 2005 
520 |a In Golden Circle Secrets, father-and-son team Dale and Ben Midgley show management and the sales team how to achieve consistent success in sales. Based on a unique new strategy that responds to customer values and expectations, the Midgleys reveal how sales and management are inseparable components of sales success that must work in tandem to produce consistent results for an organization. Sales increase when management and its sales force are on the same page. The "golden circle" is based on a customer-oriented business system specifically designed to help companies attract and satisfy customers and energize employees, while maintaining a consistently healthy level of profits. 
650 |a Sales management,Success in business,Customer relations 
904 |i Giang 
980 |a Trung tâm Học liệu Trường Đại học Cần Thơ